Guerra civil de 1833 á 1840 en Aragón y Valencia (Record no. 53913)

MARC details
000 -LEADER
campo de control de longitud fija 01004nam a22002175i 4500
001 - NÚMERO DE CONTROL
campo de control 53913
003 - IDENTIFICADOR DE NÚMERO DE CONTROL
campo de control ES-MaACL
005 - FECHA Y HORA DE LA ÚLTIMA TRANSACCIÓN
campo de control 20251017063048.0
007 - CAMPO FIJO DE DESCRIPCIÓN FÍSICA--INFORMACIÓN GENERAL
campo de control de longitud fija t|
008 - DATOS DE LONGITUD FIJA--INFORMACIÓN GENERAL
campo de control de longitud fija 980309m18841896sp b ||||1| spa d
040 ## - FUENTE DE CATALOGACIÓN
Centro catalogador/agencia de origen CAM
Lengua de catalogación spa
Centro/agencia transcriptor CAM
100 1# - ENTRADA PRINCIPAL--NOMBRE DE PERSONA
Nombre de persona Fernández San Román, Eduardo,
Títulos y otros términos asociados al nombre Marqués de San Román,
Fechas asociadas al nombre 1818-1887
9 (RLIN) 148574
245 10 - MENCIÓN DEL TÍTULO
Título Guerra civil de 1833 á 1840 en Aragón y Valencia
Resto del título : campañas del General Oráa (1837-1838) /
Mención de responsabilidad, etc. por el Marqués de San Román ; con un proemio de José Gómez de Arteche.
260 ## - PUBLICACIÓN, DISTRIBUCIÓN, ETC.
Lugar de publicación, distribución, etc. Madrid :
Nombre del editor, distribuidor, etc. [s.n.],
Fecha de publicación, distribución, etc. 1884 (
Fabricante Imprenta y Fundición de M. Tello)
300 ## - DESCRIPCIÓN FÍSICA
Extensión XXIII, 400 p., [1] h. de lám., [2] h. de map. pleg. ;
Dimensiones 24 cm.
500 ## - NOTA GENERAL
Nota general Con el retrato del General Oráa. Plano de las batalla de Barbastro. Mapa del teatro de la guerra.
651 #4 - PUNTO DE ACCESO ADICIONAL DE MATERIA--NOMBRE GEOGRÁFICO
Nombre geográfico España-
Subdivisión general Historia-
Subdivisión cronológica 1833-1840, Guerra carlista
9 (RLIN) 8250
700 1# - ENTRADA AGREGADA--NOMBRE PERSONAL
Nombre de persona Gómez de Arteche, José.
9 (RLIN) 57884
852 ## - LOCALIZACIÓN
Ubicación ES-MaACL
Número de control de estantería G-15550
Nota libre .- Legado M. de la Fuente
Holdings
Estatus retirado Estado de pérdida Estado de daño No para préstamo Colección Biblioteca de origen Biblioteca actual Ubicación en estantería Fecha de adquisición Fuente de adquisición Total de préstamos Signatura topográfica completa Código de barras Visto por última vez Precio de reemplazo Tipo de ítem Koha
        Libros del s. XIX Biblioteca del Ateneo de Madrid Biblioteca del Ateneo de Madrid Sala Pecera Planta 3 17/01/2008     G-15550 1056658 23/02/2023 23/02/2023 Libro impreso antiguo